Maya at a glance

One look and you'll see this Maya book is different from all the others. It presents core Maya features visually, using pages that are packed with beautiful graphics and loaded with detailed explanations on every crucial feature of Maya's interface. Engaging step-by-step tutorials provide...

Full beskrivning

Sparad:
Bibliografiska uppgifter
Huvudupphovsman: Maestri, George
Materialtyp: Bok
Språk:Undetermined
Publicerad: Alameda, CA Sybex 2005
Ämnen:
Taggar: Lägg till en tagg
Inga taggar, Lägg till första taggen!
Thư viện lưu trữ: Trung tâm Học liệu Trường Đại học Cần Thơ
LEADER 01044nam a2200217Ia 4500
001 CTU_163022
008 210402s9999 xx 000 0 und d
020 |c 24.99 
082 |a 006.696 
082 |b M186 
100 |a Maestri, George 
245 0 |a Maya at a glance 
245 0 |c George Maestri 
260 |a Alameda, CA 
260 |b Sybex 
260 |c 2005 
520 |a One look and you'll see this Maya book is different from all the others. It presents core Maya features visually, using pages that are packed with beautiful graphics and loaded with detailed explanations on every crucial feature of Maya's interface. Engaging step-by-step tutorials provide hands-on reinforcement for what you've learned.Maya at a Glance is the perfect introduction and reference to the Academy Award(r) winning Maya 3D animation and effects software. 
650 |a Maya (Computer file),Computer animation 
904 |i Giang 
910 |a Sách kèm CD số: AVA.001540, AVA.001539 
980 |a Trung tâm Học liệu Trường Đại học Cần Thơ